El destino del sabio
Salvato in:
| Autore principale: | |
|---|---|
| Natura: | Libro |
| Lingua: | spagnolo |
| Pubblicazione: |
Buenos Aires
Tor
1940
|
| Serie: | Nueva Biblioteca Filosófica Tor, 68
|
| Soggetti: | |
| Tags: |
Aggiungi Tag
Nessun Tag, puoi essere il primo ad aggiungerne!!
|
MARC
| LEADER | 00000cam a2200000 a 4500 | ||
|---|---|---|---|
| 001 | UCF9237 | ||
| 003 | CL-VaPUC | ||
| 008 | 131025e19400000ag |||||||||||||||||spa|d | ||
| 082 | 0 | 4 | |a 193 |b FIC |2 21 |
| 100 | |a Fichte, Johann Gottlieb |e autore |9 316864 | ||
| 245 | 1 | 3 | |a El destino del sabio |
| 300 | |a 155 p | ||
| 942 | |c BK | ||
| 945 | |d 20131025 12:29:00 |a dcastane | ||
| 260 | |a Buenos Aires |b Tor |c 1940 | ||
| 650 | 0 | |a Filosofía alemana |9 265002 | |
| 650 | 7 | |a FILOSOFOS ALEMANES |2 CL-VaPUC |9 571497 | |
| 583 | |a last modification |c 20131025 12:29:00 |k Rodrigo Vera | ||
| 490 | 0 | |a Nueva Biblioteca Filosófica Tor, 68 | |
| 999 | |c 353710 |d 353708 | ||
| 952 | |0 0 |1 0 |3 erb |4 0 |6 193_000000000000000_FIC_1940 |7 0 |8 P |9 459072 |a BIBEDU |b BIBEDU |c BIBEDU_PB |d 2019-11-23 |i 5007461 |o 193 FIC 1940 |p 5007461 |r 2024-01-25 |w 2019-11-23 |y BK |z Catalogado en:20131025 |k FIL | ||